000 00648nam a22002297a 4500
001 87431
003 UA-OsUOA
005 20260409154324.0
007 ta
008 20120918b un ||||| |||| 00| 0 ukr d
020 _a5-333-00224-Х
040 _aUA-OsUOA
_bukr
_cUA-OsUOA
_dUA-OsUOA
041 _aukr
080 _a821.161.2
090 _a821.161.2
_bВ 38
245 _aВеселий ярмарок: Гумор та сатира
260 _aК.
_bРадянський письменник
_c1989
300 _a459 с.
650 7 _a82 Література. Літературознавство
_2UDC
_915
942 _cBK
_2udc
955 _a3
999 _c373737
_d373737